000 00552nam a2200169Ia 4500
008 190719s9999||||xx |||||||||||||| ||und||
020 _a9781908833662
_c£ 85.00
040 _aIMU Kochi
082 0 4 _a387.544
_bIn752
110 _aInstitute of Chartered Shipbrokers
245 0 _aShipping Finance /
_cInstitute of Chartered Shipbrokers
250 _a2015th ed.
260 _aLondon :
_bInstitute of Chartered Shipbrokers ,
_c2015
300 _aviii, 170 p.
_b : col. ill.
_c; 30 cm.
650 _aShipping
_xEconomic aspects 
_vTextbooks
942 _2ddc
_cBK
999 _c9
_d9